000
00201 a2200109 4500
020
_a
9780152000608
041
_a
spa
100
_a
Ancona;George
245
_a
El pià¨tero
942
_c
BK
952
_7
1
999
_c
19886
_d
19886